• 首页
  • 本馆介绍
  • 公告通知
  • 最新文献
  • 馆藏检索
  • 电子资源
  • 读者导购
  • 参考咨询
  • 我的图书馆
  • 登录
  • 详细信息显示
  • 放入我的书架
  • 预约/预借图书
  • 作者相关作品
  • 分类相关作品
  • 丛书相关作品
  • 出版社相关作品

书目信息

  • 表格格式
  • 工作单格式
  • 卡片格式
题名:
东方红─12型拖拉机
    
 
作者: ;石家庄柴油机厂 , 邢台拖拉机厂 编写
分册:  
出版信息: 石家庄   河北人民出版社  1975
页数: 248页
开本: 19cm
丛书名:
单 册:
中图分类: S219
科图分类:
主题词: 拖拉机
电子资源:
ISBN:
000 00753nam0 2200241 45
001 0175002836
005 20060808090210.37
010    @b精装@d¥1.00
100    @a19951017d1975 em y0chiy0121 ea
101 0  @achi
102    @aCN@b130000
105    @af z 000yy
200 10 @a东方红─12型拖拉机@Adong fang hong ─ 12 xing tuo la ji@f邢台拖拉机厂,石家庄柴油机厂编写
210    @a石家庄@c河北人民出版社@d1975
215    @a248页@d19cm
517 1  @a东方红12型拖拉机@Adong fang hong 12 xing tuo la ji
606    @a拖拉机
690    @aS219@v3
711 02 @a石家庄柴油机厂@Ashi jia zhuang chai you ji chang@4编写
711 02 @a邢台拖拉机厂@Axing tai tuo la ji chang@4编写
801  2 @aCN@bNLC@c20060808
801  0 @aCN@bTSSF
905    @a10447@dS219@e34
    
    东方红─12型拖拉机/邢台拖拉机厂,石家庄柴油机厂编写.-石家庄:河北人民出版社,1975
    248页;19cm
    
    
    ISBN (精装):¥1.00
    
●
相关链接 在E读中查询图书 在五车中查询图书 在当当中查询图书 在豆瓣中查询图书


正题名:东方红─12型拖拉机     索取号:S219/34         预约/预借

序号 登录号 条形码 馆藏地/架位号 状态 备注
1 0451694   204516942   密集书库/ [索取号:S219/34] 在馆    
唐山师范学院图书馆 欢迎您!
大连网信软件有限公司© 版权所有